| 000 | 00850cad a22002055a 4500 | ||
|---|---|---|---|
| 001 | E154914 | ||
| 008 | 120131s2012 xxk f 000 0 eng d | ||
| 020 | _a9781780456447 | ||
| 035 | _a(Sirsi) u154914 | ||
| 041 | 0 | _aeng | |
| 110 | 2 |
_aScotland _bScottish Government _95344 |
|
| 245 | 0 | 0 |
_aScotland's digital future _binfrastructure action plan _h[electronic resource] |
| 260 |
_aEdinburgh _bScottish Government _c2012 |
||
| 520 | _aSets out the Scottish Government's plans for providing an improved digital infrastructure for all areas of Scotland by 2020, with an initial target of an increase in speeds for everyone by 2015. | ||
| 590 | _aKA | ||
| 651 | 4 |
_aScotland _y1999- |
|
| 690 |
_aInfrastructure _96246 |
||
| 856 | 4 | 0 |
_uhttps://www.scotland.gov.uk/Publications/2012/01/1487 _zView the plan free of charge at www.scotland.gov.uk |
| 942 | _n0 | ||
| 999 |
_c113230 _d113230 |
||